00698nam a2200205Ia 4500003000400000005001700004008004100021020001800062040001800080041000800098082001900106100002300125245011900148250000600267260006100273300003000334650004100364650005000405650003700455OSt20260113085600.0210716s2005 xx 000 0 und d a9780070599890 cAIMIT LIBRARY aeng a621.399 bRATP aAvgerakis, George. aDigital animation bible :bcreating professional animation with 3ds max lightwave and maya /cBy George Avgerakis. a1 aNew DelhibTata McGraw Hill Publishing Company Ltdc2005 axviii,342 p.;bPBc25 cm. aInvesting in the necessary equipment aMechanics of three leading animation programs aRigging and animating Characters